00297nam a2200121Ia 4500008004100000100001400041245004100055260002400096300000900120650002400129942000700153999001500160190216s9999||||xx |||||||||||||| ||und|| aAwapara J 0aIntroduction To Biological Chemistry bPrentice Hallc1974 a310p aChemistry-Chemistry cBK c2022d2022